| 000 | 00688nam a2200205 a 4500 | ||
|---|---|---|---|
| 005 | 20140310183329.0 | ||
| 008 | 060815s19uu xx 00 eng d | ||
| 020 | _a047139453x | ||
| 050 |
_aGT 3404 _b.In57 2001 |
||
| 245 |
_aThe international dictionary of event management / _cedited by Joe Goldblatt and Kathleen S. Nelson. |
||
| 250 | _a2nd ed. | ||
| 260 |
_aNew York : _bJohn Wiley & Sons, Inc, _c2001. |
||
| 300 |
_a279 p. : _c25 cm. |
||
| 440 | _aThe Wiley event management series. | ||
| 650 |
_aSpecial events _xManagement _xDictionaries. |
||
| 650 |
_aSpecial events _xManagement _xDictionaries. |
||
| 650 |
_aSpecial events _xPlanning. |
||
| 942 |
_cBK _2lcc |
||
| 999 |
_c21510 _d21510 |
||